| 000 | 01313nam0a22003131 4500 | ||
|---|---|---|---|
| 001 | v19\rc\1953944 | ||
| 005 | 20251118181107.7 | ||
| 035 | _a(NLR Aleph) 005054283 | ||
| 090 |
_a6927799 _c6927799 |
||
| 100 | _a20080428e19131913|||y0rusy50 ca | ||
| 101 | 0 | _arus | |
| 102 | _aRU | ||
| 105 | _aa z ||||| | ||
| 200 | 1 |
_aОб одной особенности грудной клетки у эстонцев _e[Сообщ. в заседании 23 февр. 1912 г.] _fСтуд.-мед. Г.К. Нигголь |
|
| 210 |
_aЮрьев _cтип. К. Маттисена _d1913 |
||
| 215 |
_a12 с. _cил. _d25 |
||
| 309 | _aБез тит. л. | ||
| 311 | _aОтт. из "Тр. и прот. засед. Мед. о-ва им. Н.И. Пирогова при Юрьев. ун-те". Год 4 | ||
| 488 | 0 | _12001#$aТруды и протоколы заседания Медицинского общества им. Н.И. Пирогова при Юрьевском университете$vГод 4 | |
| 700 | 1 |
_aНигголь _bГ. Х. _gГерман Христиан |
|
| 790 | 1 |
_aНигголь _bГ. К. |
|
| 801 | 0 |
_aRU _bNLR _gpsbo |
|
| 801 | 0 |
_aRU _bRuMoRGB _2psbo |
|
| 801 | 1 |
_aRU _bProSoft-M _2rusmarc |
|
| 852 |
_aNLR _j37.53.5.718 |
||
| 899 |
_aRuMoRGB _jV 97/49 |
||
| 899 | _aБАН | ||
| 942 | _cBOOK | ||
| 980 | _aNB | ||